00561nam a22001937a 450000500170000001000130001702000220003003500130005203700160006504000120008108200150009310000140010824500660012226000420018827000420023030000280027265000270030065000400032720170124110107.0 aA-481552 c00.00a8170621429 aA-481552 bCen Lib/Ret aDPLbEN a956.7bNAI aNair, V K aWar in the Gulf :cby V K Nairblessons for the Third World / bLancer Internationalc1991aNew Delhi aB-3, Gulmohar ParkbNew Delhie110049 a231p. :c20cm(Hb)bill. aPersian Gulf War, 1991 aRole of electronics in the Gulf War